Right or wrong flag? #5 - Sudden Death - Statistics

General Stats
  • This quiz has been taken 107 times
  • The average score is 5 of 20
Answers on the Grid
Answers color-coded by a green-red scale on the quiz's grid according to % correct below.
 
Answer Stats
Answer % Correct
40%
40%
40%
35%
35%
30%
30%
30%
30%
30%
30%
25%
25%
25%
25%
15%
10%
10%
10%
5%
No matching quizzes found
Score Distribution
Percent of People with Each Score
Percentile by Number Answered
Your Score History
You have not taken this quiz